| 000 | 00847cam a22002531 4500 | ||
|---|---|---|---|
| 001 | gs 62000210 | ||
| 003 | DLC | ||
| 005 | 20260227111411.0 | ||
| 008 | 760617s1961 xx 000 0 eng | ||
| 010 | _ags 62000210 | ||
| 035 | _a(OCoLC)2233333 | ||
| 040 |
_aDLC _cMeU-P _dDLC |
||
| 042 | _apremarc | ||
| 050 | 0 | 0 |
_aQE171 _b.A3 no. 16 |
| 100 | 1 | _aKonig, Ronald H. | |
| 245 | 1 | 0 | _aGeology of the Plainfield quadrangle, Vermont. |
| 260 |
_aMontpelier, _bVermont Development Dept., _c1961. |
||
| 300 |
_a86 p. _billus., maps (2 fold., 1 col., in pocket) diagrs., tables. _c23 cm. |
||
| 490 | 1 |
_aVermont. Geological Survey. Bulletin _vno. 16 |
|
| 504 | _aBibliography: p. 85-86. | ||
| 650 | 0 |
_aGeology _zVermont _zPlainfield quadrangle. |
|
| 740 | 0 | _aPlainfield quadrangle, Vermont. | |
| 810 | 1 |
_aVermont. _bState Geologist. _tBulletin ; _vno. l6. |
|
| 999 |
_c29628 _d29628 |
||